Shaka Ponk - Discographie - Statistiques

Statistiques générales
  • Ce quiz a été pris 9 fois
  • Le résultat moyen est 46 sur 329
Statistiques - réponses
Album an Position Réponse % Correct
The Geeks and the Jerkin' Socks 2011 2 I'm Picky
78%
Apelogies 2020 1-8 My Name Is Stain
78%
The Geeks and the Jerkin' Socks 2011 6 My Name Is Stain
78%
My Name Is Stain 2011 2011 My Name Is Stain
78%
My Name Is Stain 2011 1 My Name Is Stain
78%
The Geeks and the Jerkin' Socks 2011 1 Let's Bang
67%
The Geeks and the Jerkin' Socks 2011 5 Sex Ball
67%
Smells Like Teen Spirit 2018 2018 Smells Like Teen Spirit
56%
Smells Like Teen Spirit 2018 1 Smells Like Teen Spirit
56%
Shaka Ponk (Deluxe) 2024 1-3 Dad'Algorhythm
44%
Shaka Ponk 2023 3 Dad’Algorhythm
44%
Dad’Algorhythm 2023 2023 Dad’Algorhythm
44%
Dad’Algorhythm 2023 1 Dad’Algorhythm
44%
Shaka Ponk (Deluxe) 2024 1-5 J'aime pas les gens
44%
Shaka Ponk 2023 5 J'aime pas les gens
44%
The Geeks and the Jerkin' Socks 2011 12 Palabra Mi Amor
44%
Shaka Ponk (Deluxe) 2024 1-9 Tout le monde danse
44%
Shaka Ponk 2023 9 Tout le monde danse
44%
Tout le monde danse 2023 2023 Tout le monde danse
44%
Tout le monde danse 2023 1 Tout le monde danse
44%
The White Pixel Ape (Smoking Isolate to Keep in Shape) 2014 2 Wanna Get Free
44%
Shaka Ponk (Deluxe) 2024 1-2 Alegria
33%
Shaka Ponk 2023 2 Alegria
33%
Bad Porn Movie Trax (version 1/4) 2007 2007 Bad Porn Movie Trax (version 1/4)
33%
Bad Porn Movie Trax (version 2/4) 2008 2008 Bad Porn Movie Trax (version 2/4)
33%
Bad Porn Movie Trax (version 3/4) 2008 2008 Bad Porn Movie Trax (version 3/4)
33%
Bad Porn Movie Trax (version 4/4) 2009 2009 Bad Porn Movie Trax (version 4/4)
33%
The White Pixel Ape (Smoking Isolate to Keep in Shape) 2014 5 Black Listed
33%
The Geeks and the Jerkin' Socks 2011 3 Brunette Localicious
33%
Bad Porn Movie Trax (version 4/4) 2009 9 French Touch Puta Madre
33%
Bad Porn Movie Trax (version 3/4) 2008 7 French Touch Puta Madre
33%
Bad Porn Movie Trax (version 2/4) 2008 7 French Touch Puta Madre
33%
Bad Porn Movie Trax (version 1/4) 2007 6 French Touch Puta Madre
33%
Apelogies 2020 2-11 Gung Ho
33%
The Evol' 2017 1 Gung Ho
33%
ApeTizer (100% Guaranteed Quality - The Best Quality for You) 2017 1 Gung Ho
33%
How We Kill Stars 2009 2009 How We Kill Stars
33%
How We Kill Stars 2009 1 How We Kill Stars
33%
Bad Porn Movie Trax (version 4/4) 2009 5 How We Kill Stars
33%
Bad Porn Movie Trax (version 3/4) 2008 5 How we Kill Stars
33%
Bad Porn Movie Trax (version 2/4) 2008 5 How we Kill Stars
33%
The Geeks and the Jerkin' Socks 2011 4 I'm a Lady
33%
Shaka Ponk (Deluxe) 2024 1-10 Resign
33%
Shaka Ponk 2023 10 Resign
33%
The Geeks and the Jerkin' Socks 2011 8 Run Run Run
33%
The Geeks and the Jerkin' Socks 2011 7 Shiza Radio
33%
The White Pixel Ape (Smoking Isolate to Keep in Shape) 2014 8 Story o' My Lf
33%
Shaka Ponk (Deluxe) 2024 1-4 13000 Heures
22%
Shaka Ponk 2023 4 13000 Heures
22%
The Black Pixel Ape (Drinking Cigarettes to Take a Break) 2014 12 4Xget
22%
Bad Porn Movie Trax (version 4/4) 2009 12 Alak'okan
22%
Bad Porn Movie Trax (version 3/4) 2008 10 Alak'Okan
22%
Bad Porn Movie Trax (version 2/4) 2008 11 Alak'Okan
22%
Bad Porn Movie Trax (version 1/4) 2007 10 Alak'Okan
22%
The Evol' 2017 4 Bunker
22%
Shaka Ponk (Deluxe) 2024 1-1 D'Essence
22%
Shaka Ponk 2023 1 D'Essence
22%
Loco Con da Frenchy Talkin' (Recycled Version 2009) 2009 2 Eh Là Mala Lama Laïco
22%
Loco Con Da Frenchy Talkin' 2006 1 Eh Lá Mala Lama Laico
22%
Fonk Me 2006 2 Eh Là, Mala Lama Laïco
22%
Apelogies 2020 2-14 Faking Love
22%
The Evol' 2017 3 Faking Love
22%
The White Pixel Ape (Smoking Isolate to Keep in Shape) 2014 9 Gimme Guitarrrrra
22%
Shaka Ponk (Deluxe) 2024 1-7 Il y a
22%
Shaka Ponk 2023 7 Il y a
22%
Shaka Ponk (Deluxe) 2024 2-5 I'm Picky - Unplugged
22%
I'm Picky (Unplugged) 2024 2024 I'm Picky (Unplugged)
22%
I'm Picky (Unplugged) 2024 1 I'm Picky - Unplugged
22%
Shaka Ponk (Deluxe) 2024 1-6 Je m'avance
22%
Shaka Ponk 2023 6 Je m'avance
22%
Apelogies 2020 2-15 Killing Hallelujah
22%
The Evol' 2017 13 Killing Hallelujah
22%
Loco Con Da Frenchy Talkin' 2006 2006 Loco Con Da Frenchy Talkin'
22%
The White Pixel Ape (Smoking Isolate to Keep in Shape) 2014 1 Lucky G1rl
22%
Shaka Ponk (Deluxe) 2024 1-8 Multiply
22%
Shaka Ponk 2023 8 Multiply
22%
Apelogies 2020 1-13 Mysterious Ways
22%
Mysterious Ways 2020 2020 Mysterious Ways
22%
Mysterious Ways 2020 1 Mysterious Ways
22%
The Evol' 2017 12 Mysterious Ways
22%
ApeTizer (100% Guaranteed Quality - The Best Quality for You) 2017 2 Mysterious Ways
22%
The Geeks and the Jerkin' Socks 2011 11 Old School Rocka
22%
The Geeks and the Jerkin' Socks 2011 10 Reset After All
22%
Bad Porn Movie Trax (version 1/4) 2007 16 Reset After All
22%
Shaka Ponk 2023 2023 Shaka Ponk
22%
Loco Con da Frenchy Talkin' (Recycled Version 2009) 2009 13 Spit
22%
Loco Con Da Frenchy Talkin' 2006 17 Spit
22%
Loco Con Da Frenchy Talkin' Club EP 2006 2 Spit
22%
The Geeks and the Jerkin' Socks 2011 2011 The Geeks and the Jerkin' Socks
22%
Bad Porn Movie Trax (version 3/4) 2008 1 Twisted Mind
22%
Bad Porn Movie Trax (version 2/4) 2008 1 Twisted Mind
22%
Bad Porn Movie Trax (version 1/4) 2007 1 Twisted Mind
22%
Bad Porn Movie Trax (version 4/4) 2009 1 Twisted Minda
22%
The Evol' 2017 7 Wrong Side
22%
Loco Con Da Frenchy Talkin' 2006 13 *#1+*£
11%
The White Pixel Ape (Smoking Isolate to Keep in Shape) 2014 13 6xLove
11%
The White Pixel Ape (Smoking Isolate to Keep in Shape) 2014 11 Altered Native Soul
11%
Altered Native Soul 2013 2013 Altered Native Soul
11%
Altered Native Soul 2013 1 Altered Native Soul
11%
The White Pixel Ape (Smoking Isolate to Keep in Shape) 2014 6 An Eloquent
11%
Apelogies 2020 2020 Apelogies
11%
Loco Con Da Frenchy Talkin' 2006 16 A "Popa Buya Boosta" Can
11%
Hell'o 2006 2 A "Popa Buya Boosta" Can !
11%
Loco Con da Frenchy Talkin' (Recycled Version 2009) 2009 4 Body Cult
11%
Loco Con Da Frenchy Talkin' 2006 5 Body Cult
11%
The Black Pixel Ape (Drinking Cigarettes to Take a Break) 2014 2 Come on Cama
11%
The Geeks and the Jerkin' Socks 2011 9 Dancing Dead
11%
Loco Con da Frenchy Talkin' (Recycled Version 2009) 2009 10 Da Teen Town
11%
Loco Con Da Frenchy Talkin' 2006 10 Da Teen Town
11%
Loco Con da Frenchy Talkin' (Recycled Version 2009) 2009 1 Disto Cake
11%
Loco Con Da Frenchy Talkin' 2006 4 Disto Cake
11%
Do 2009 2009 Do
11%
Do 2009 1 Do
11%
Bad Porn Movie Trax (version 4/4) 2009 7 Do
11%
Bad Porn Movie Trax (version 2/4) 2008 9 DO
11%
Bad Porn Movie Trax (version 1/4) 2007 2 DO
11%
Loco Con da Frenchy Talkin' (Recycled Version 2009) 2009 8 Dot.Coma
11%
Loco Con Da Frenchy Talkin' 2006 9 Dot.Coma
11%
Loco Con Da Frenchy Talkin' Club EP 2006 4 Dot Coma
11%
Laga 2004 4 Dot Coma
11%
Bad Porn Movie Trax (version 3/4) 2008 2 El Hombre que Soy
11%
Bad Porn Movie Trax (version 2/4) 2008 2 El Hombre que Soy
11%
Bad Porn Movie Trax (version 1/4) 2007 3 El Hombre que Soy
11%
The Evol' 2017 2 Fear Ya
11%
Loco Con da Frenchy Talkin' (Recycled Version 2009) 2009 6 Fonk Me
11%
Loco Con Da Frenchy Talkin' 2006 14 Fonk Me
11%
Fonk Me 2006 2006 Fonk Me
11%
Fonk Me 2006 1 Fonk Me
11%
Loco Con Da Frenchy Talkin' Club EP 2006 3 Fonk Me
11%
Laga 2004 8 Fonk Me
11%
Laga 2004 2 Fonky Teen Town
11%
The Black Pixel Ape (Drinking Cigarettes to Take a Break) 2014 6 Frag Dog
11%
Bad Porn Movie Trax (version 4/4) 2009 16 French Touch Puta Madre - Live
11%
Apelogies 2020 2-3 Funky Junky Monkey
11%
Funky Junky Monkey 2020 2020 Funky Junky Monkey
11%
Funky Junky Monkey 2020 1 Funky Junky Monkey
11%
Bad Porn Movie Trax (version 4/4) 2009 10 Gotta Get Me High
11%
Bad Porn Movie Trax (version 3/4) 2008 8 Gotta get me High
11%
Bad Porn Movie Trax (version 2/4) 2008 8 Gotta get me High
11%
Bad Porn Movie Trax (version 1/4) 2007 4 Gotta get me High
11%
The Black Pixel Ape (Drinking Cigarettes to Take a Break) 2014 8 Happy Ape Rodeo
11%
The White Pixel Ape (Smoking Isolate to Keep in Shape) 2014 12 Heal Me Kill Me
11%
Loco Con da Frenchy Talkin' (Recycled Version 2009) 2009 3 Hell'o
11%
Loco Con Da Frenchy Talkin' 2006 11 Hell'o
11%
Loco Con Da Frenchy Talkin' Club EP 2006 1 Hello
11%
Hell'o 2006 2006 Hell'o
11%
Hell'o 2006 1 Hell'o
11%
Bad Porn Movie Trax (version 4/4) 2009 2 Hombre Que Soy
11%
Monkeys in Bercy 2013 4 Hombre Que Soy - Live
11%
Shaka Ponk (Deluxe) 2024 2-8 House of the Rising Sun - Live on Mars
11%
Altered Native Soul 2013 2 How We Kill Stars - Live
11%
Monkeys in Bercy 2013 8 I'm Picky - Live
11%
Bad Porn Movie Trax (version 4/4) 2009 14 Just a Nerd
11%
Bad Porn Movie Trax (version 3/4) 2008 13 Just a Nerd
11%
Bad Porn Movie Trax (version 2/4) 2008 15 Just a Nerd
11%
Bad Porn Movie Trax (version 1/4) 2007 15 Just a Nerd
11%
The Black Pixel Ape (Drinking Cigarettes to Take a Break) 2014 10 Kitty Call - Hidden Track
11%
Monkeys in Bercy 2013 11 Lady - Live
11%
The White Pixel Ape (Smoking Isolate to Keep in Shape) 2014 10 Last Alone
11%
Monkeys in Bercy 2013 9 Let's Bang - Live
11%
The Black Pixel Ape (Drinking Cigarettes to Take a Break) 2014 5 Lucky Boy
11%
The White Pixel Ape (Smoking Isolate to Keep in Shape) 2014 3 M0nkey on the Wall
11%
Bad Porn Movie Trax (version 4/4) 2009 6 Mad O You
11%
Bad Porn Movie Trax (version 3/4) 2008 6 Mad O You
11%
Bad Porn Movie Trax (version 2/4) 2008 6 Mad O You
11%
Bad Porn Movie Trax (version 1/4) 2007 7 Mad O You
11%
Bad Porn Movie Trax (version 4/4) 2009 13 Make It Mine
11%
Bad Porn Movie Trax (version 3/4) 2008 12 Make it Mine
11%
Bad Porn Movie Trax (version 2/4) 2008 14 Make it Mine
11%
Bad Porn Movie Trax (version 1/4) 2007 14 Make it Mine
11%
The Black Pixel Ape (Drinking Cigarettes to Take a Break) 2014 7 Mocks the Party
11%
Monkeys in Bercy 2013 2013 Monkeys in Bercy
11%
The Black Pixel Ape (Drinking Cigarettes to Take a Break) 2014 13 Morir Cantando
11%
Loco Con Da Frenchy Talkin' 2006 6 My Boom Is Bumpin'
11%
Fonk Me 2006 3 My Boom Is Bumpin'
11%
Laga 2004 6 My Boom Is Bumpin'
11%
Loco Con da Frenchy Talkin' (Recycled Version 2009) 2009 9 My Boom Is Bumping
11%
Monkeys in Bercy 2013 10 My Name Is Stain - Live
11%
The Evol' 2017 5 On Fire
11%
The Black Pixel Ape (Drinking Cigarettes to Take a Break) 2014 1 On the Ro'
11%
Altered Native Soul 2013 4 Palabra Mi Amor - Live
11%
ApeTizer (100% Guaranteed Quality - The Best Quality for You) 2017 3 Party
11%
Loco Con da Frenchy Talkin' (Recycled Version 2009) 2009 12 Popa Booya Boosta Can
11%
Bad Porn Movie Trax (version 4/4) 2009 3 Prima Scene
11%
Bad Porn Movie Trax (version 3/4) 2008 3 Prima Scene
11%
Bad Porn Movie Trax (version 2/4) 2008 3 Prima Scene
11%
Monkeys in Bercy 2013 3 Reset After All - Live
11%
Shaka Ponk (Deluxe) 2024 2-10 Resign - 2024
11%
Resign (2024) 2024 2024 Resign (2024)
11%
Resign (2024) 2024 1 Resign - 2024
11%
Apelogies 2020 2-4 Rocksta
11%
ApeTizer (100% Guaranteed Quality - The Best Quality for You) 2017 4 Rocksta
11%
The Evol' 2017 10 Rusty Fonky
11%
The White Pixel Ape (Smoking Isolate to Keep in Shape) 2014 4 Scarify
11%
Monkeys in Bercy 2013 7 Sex Ball - Live
11%
The Evol' 2017 11 Share a Line
11%
Monkeys in Bercy 2013 2 Shiza Radio - Live
11%
The Evol' 2017 9 Slam & Slam'ed
11%
Bad Porn Movie Trax (version 4/4) 2009 4 Some Guide
11%
Bad Porn Movie Trax (version 3/4) 2008 4 Some Guide
11%
Bad Porn Movie Trax (version 2/4) 2008 4 Some Guide
11%
Bad Porn Movie Trax (version 3/4) 2008 11 Som'Luv'
11%
Bad Porn Movie Trax (version 2/4) 2008 13 Som'Luv'
11%
Bad Porn Movie Trax (version 1/4) 2007 9 Som luv'
11%
Loco Con da Frenchy Talkin' (Recycled Version 2009) 2009 14 Sonic
11%
Loco Con Da Frenchy Talkin' 2006 18 Sonic
11%
Laga 2004 9 Sonic
11%
Monkeys in Bercy 2013 12 Spit - Live
11%
Loco Con da Frenchy Talkin' (Recycled Version 2009) 2009 11 Spit Low
11%
Loco Con Da Frenchy Talkin' 2006 12 Spit-Low
11%
Bad Porn Movie Trax (version 4/4) 2009 15 Stop the Bot
11%
Bad Porn Movie Trax (version 4/4) 2009 11 Sum'luv'
11%
The Evol' 2017 6 Summer Camp
11%
Bad Porn Movie Trax (version 4/4) 2009 8 Te Gusta Me
11%
Bad Porn Movie Trax (version 3/4) 2008 9 Te Gusta Me
11%
Bad Porn Movie Trax (version 2/4) 2008 10 Te Gusta Me
11%
Bad Porn Movie Trax (version 1/4) 2007 8 Te Gusta Me
11%
Altered Native Soul 2013 3 Te Gusta Me - Live
11%
Loco Con da Frenchy Talkin' (Recycled Version 2009) 2009 5 Tekno Kills
11%
Loco Con Da Frenchy Talkin' 2006 2 Tenko Kills
11%
The Black Pixel Ape (Drinking Cigarettes to Take a Break) 2014 2014 The Black Pixel Ape (Drinking Cigarettes to Take a Break)
11%
The Evol' 2017 2017 The Evol'
11%
The Black Pixel Ape (Drinking Cigarettes to Take a Break) 2014 3 The Shell Maid Freak
11%
The White Pixel Ape (Smoking Isolate to Keep in Shape) 2014 2014 The White Pixel Ape (Smoking Isolate to Keep in Shape)
11%
The Black Pixel Ape (Drinking Cigarettes to Take a Break) 2014 9 Time Has Come
11%
Monkeys in Bercy 2013 5 Twisted Minda - Live
11%
Loco Con Da Frenchy Talkin' 2006 3 *ù+9=%
11%
The White Pixel Ape (Smoking Isolate to Keep in Shape) 2014 7 W0tz Goin'on
11%
ApeTizer (100% Guaranteed Quality - The Best Quality for You) 2017 5 War Dance
11%
The Evol' 2017 8 Wataman
11%
Loco Con da Frenchy Talkin' (Recycled Version 2009) 2009 7 Watch'ha
11%
Loco Con Da Frenchy Talkin' 2006 7 Watch 'Ha
11%
Laga 2004 5 Watch Her
11%
The Black Pixel Ape (Drinking Cigarettes to Take a Break) 2014 11 Yell
11%
EP-Hyppie-Monkey 2005 4 'am a Mala Lama Laïco (Special Midi XP)
0%
ApeTizer (100% Guaranteed Quality - The Best Quality for You) 2017 2017 ApeTizer (100% Guaranteed Quality - The Best Quality for You)
0%
Laga 2004 10 Bad Boogie
0%
EP-Hyppie-Monkey 2005 5 Bad Boog' (Special Loca Version)
0%
Apelogies 2020 2-10 Black Listed - 2020
0%
Apelogies 2020 1-16 Body Cult - 2020
0%
Body Cult (2020) 2020 2020 Body Cult (2020)
0%
Body Cult (2020) 2020 1 Body Cult - 2020
0%
EP-Hyppie-Monkey 2005 2 Body Cult (Album Version)
0%
Bad Porn Movie Trax (version 1/4) 2007 11 Carbon Head
0%
Apelogies 2020 3-7 Circle Pit - Gospel Live
0%
Laga 2004 3 Come Pump Da Ponk
0%
EP-Hyppie-Monkey 2005 1 Da Teen Town (Album Version)
0%
Hell'o 2006 3 Demo From The Garage
0%
Monkeys in Bercy 2013 6 Doors - Live
0%
Apelogies 2020 1-15 Do (Unplugged)
0%
Do (Unplugged) 2020 2020 Do (Unplugged)
0%
Do (Unplugged) 2020 1 Do (Unplugged)
0%
EP-Hyppie-Monkey 2005 2005 EP-Hyppie-Monkey
0%
Loco Con Da Frenchy Talkin' 2006 15 Fonked
0%
Apelogies 2020 1-12 Fonk Me - 2020
0%
Fonk Me (2020) 2020 2020 Fonk Me (2020)
0%
Fonk Me (2020) 2020 1 Fonk Me - 2020
0%
Apelogies 2020 1-7 French Touch Puta Madre - 2020
0%
Apelogies 2020 3-9 Gung Ho - Gospel Live
0%
Shaka Ponk (Deluxe) 2024 2-6 Gung Ho - Live on Neptune
0%
Apelogies 2020 1-6 Hell'o - 2020
0%
Laga 2004 7 Hello (Fanta Mix)
0%
Shaka Ponk (Deluxe) 2024 2-1 Hell of a Sad Song
0%
Apelogies 2020 1-2 Hombre Que Soy - 2020
0%
Apelogies 2020 1-14 How We Kill Stars - 2020
0%
How We Kill Stars (2020) 2020 2020 How We Kill Stars (2020)
0%
How We Kill Stars (2020) 2020 1 How We Kill Stars - 2020
0%
Apelogies 2020 3-3 I'm on Fire - Gospel Live
0%
Apelogies 2020 1-3 I'm Picky - 2020
0%
I'm Picky (2020) 2020 2020 I'm Picky (2020)
0%
I'm Picky (2020) 2020 1 I'm Picky - 2020
0%
Apelogies 2020 3-10 I'm Picky - Gospel Live
0%
Monkeys in Bercy 2013 1 Intro - Live
0%
Shaka Ponk (Deluxe) 2024 2-9 Je m'avance - Live on Mercury
0%
Apelogies 2020 2-5 Kids in America
0%
Apelogies 2020 3-2 Killing Hallelujah - Gospel Live
0%
Laga 2004 2004 Laga
0%
Apelogies 2020 1-11 Let's Bang - 2020
0%
Let's Bang (2020) 2020 2020 Let's Bang (2020)
0%
Let's Bang (2020) 2020 1 Let's Bang - 2020
0%
Apelogies 2020 3-1 ———————— LIVE GOSPEL WTF
0%
Loco Con Da Frenchy Talkin' Club EP 2006 2006 Loco Con Da Frenchy Talkin' Club EP
0%
Loco Con da Frenchy Talkin' (Recycled Version 2009) 2009 2009 Loco Con da Frenchy Talkin' (Recycled Version 2009)
0%
Bad Porn Movie Trax (version 1/4) 2007 13 Loser
0%
Apelogies 2020 2-8 Morir Cantando - 2020
0%
Apelogies 2020 3-13 Mysterious Ways - Gospel Live
0%
Apelogies 2020 2-12 On the Ro' - 2020
0%
Apelogies 2020 1-17 Palabra Mi Amor - 2020
0%
Apelogies 2020 3-11 Palabra Mi Amor - Gospel Live
0%
Apelogies 2020 3-6 Party - Gospel Live
0%
Apelogies 2020 2-2 Pure 90 (Rapping Queen)
0%
Apelogies 2020 2-6 Ring Ring Ring
0%
Ring Ring Ring 2020 2020 Ring Ring Ring
0%
Ring Ring Ring 2020 1 Ring Ring Ring
0%
Bad Porn Movie Trax (version 1/4) 2007 17 Ring Ring Ring
0%
Shaka Ponk (Deluxe) 2024 2-7 Run Run Run - Live on Venus
0%
Apelogies 2020 3-14 Rusty Fonky - Gospel Live
0%
Loco Con Da Frenchy Talkin' 2006 8 Samples De Nada
0%
Apelogies 2020 1-4 Sex Ball - 2020
0%
Sex Ball (2020) 2020 2020 Sex Ball (2020)
0%
Sex Ball (2020) 2020 1 Sex Ball - 2020
0%
Shaka Ponk (Deluxe) 2024 2-4 Sex Ball LGBT + - Live on Uranus
0%
Shaka Ponk (Deluxe) 2024 2024 Shaka Ponk (Deluxe)
0%
Apelogies 2020 2-13 Shiza Radio - 2020
0%
Shiza Radio (2020) 2020 2020 Shiza Radio (2020)
0%
Shiza Radio (2020) 2020 1 Shiza Radio - 2020
0%
Apelogies 2020 2-7 Singa Pop
0%
Sirens Call 2021 2021 Sirens Call
0%
Sirens Call 2021 1 Sirens Call
0%
Apelogies 2020 1-5 Smells Like Teen Spirit - 2020
0%
Apelogies 2020 3-8 Smells Like Teen Spirit - Gospel Live
0%
Laga 2004 1 Spit (Recall Version)
0%
Bad Porn Movie Trax (version 1/4) 2007 12 Split da Family
0%
Apelogies 2020 1-10 Story o' My Lf - 2020
0%
EP-Hyppie-Monkey 2005 3 Tekno Kills (Version De La Casa)
0%
Apelogies 2020 2-1 ———————— THE DIRTY BITS
0%
Apelogies 2020 1-1 ————————THE GREATEST TITS
0%
Shaka Ponk (Deluxe) 2024 2-2 The Underground
0%
The Black Pixel Ape (Drinking Cigarettes to Take a Break) 2014 4 The Way Out
0%
Apelogies 2020 2-9 Twisted Mind - 2020
0%
Twisted Mind (2020) 2020 2020 Twisted Mind (2020)
0%
Twisted Mind (2020) 2020 1 Twisted Mind - 2020
0%
Apelogies 2020 3-5 Twisted Mind - Gospel Live
0%
Apelogies 2020 1-9 Wanna Get Free - 2020
0%
Apelogies 2020 3-4 Wanna Get Free - Gospel Live
0%
Bad Porn Movie Trax (version 2/4) 2008 12 Wastematime
0%
Bad Porn Movie Trax (version 1/4) 2007 5 Wastematime
0%
Apelogies 2020 3-12 Wataman - Gospel Live
0%
Shaka Ponk (Deluxe) 2024 2-3 We Don't Give a Fuck
0%
Aucun quiz correspondant
Distribution des résultats
% des personnes avec chaque résultat
Percentile par nombre de réponses
Votre historique - résultats
Vous n’avez pas pris ce quiz